1025 1063 1685 1344 1414 1807 1528 1231 1355 1000 1353 1253 1680 1668 1132 1155 1771 1666 1788 1565 1989 1034 1434 1245 1014 1256 1285 1118 1570 1361 1680 1860 1736 1906 1535 1725 1843 1039 1026 1065 1530 1408 1831 1779 1313 1102 1657 1443 1487 1916 1819 1546 1401 1939 1871 1467 1326 1215 1401 1557 1134 1707 1622 1184 1498 1130 1741 1980 1261 1569 1922 1533 1911 1404 1742 1026 1621 1669 1884 1351 1954 1699 1157 1838 1596 1551 1442 1765 1832 1665 1130 1450 1424 1994 1973 1689 1826 1622 1066 BCNSPRNW ULIB Ver.6.0+V

เปลี่ยนเป็นภาษาไทย

Change to English
 แสดงรายละเอียดบรรณานุกรม
  กลับหน้าหลัก

Brief Record : Get Marc (ISO 2709) : E-mail record : QR code < ปิดหน้าต่าง
LEADER : 00000nam 2200000uu 4500
001    13399115316
003     ULIB
008    020711s2549 th a 000 0 tha d
020    ^a9749447166
099    ^aนว.^bN11ร
100    ^anj venus
245    ^aรักครั้งนี้ สู้ไม่มีถอย : Fighting of Love /^cnj venus
260    ^aกรุงเทพฯ :^b1168 พับลิชชิ่ง,^c2549
300    ^a336 หน้า หน้า
945    ^p178^l0^i24726
999 ^a ใช้งานได้ทุกระบบ
รายการนี้ยังไม่มีแท็ก
คุณยังไม่ได้ล็อกอิน คุณสามารถมีกิจกรรมร่วมกับเว็บไซต์ได้ แต่ต้องล็อกอินก่อน ::
  ล็อกอิน

รายการสื่อสารสนเทศ

ลำดับที่ ประเภท เลขเรียก/บาร์โค้ด สถานที่ สถานะ
1. นวนิยาย
นวนิยาย
นว. N11ร ฉ.1 
  Barcode: 24726
ห้องสมุดวิทยาเขตสวรรค์ประชารักษ์
►นวนิยาย
บนชั้น
  ขอยืม

BibComment


ยังไม่เคยถูกคอมเมนท์

คอมเมนท์ทรัพยากรรายการนี้
  คอมเมนท์: รักครั้งนี้ สู้ไ..


 Copyright 2026. Bcnsprnw @Library